<?xml version="1.0" encoding="UTF-8"?>
<record
    xmlns:xsi="http://www.w3.org/2001/XMLSchema-instance"
    xsi:schemaLocation="http://www.loc.gov/MARC21/slim http://www.loc.gov/standards/marcxml/schema/MARC21slim.xsd"
    xmlns="http://www.loc.gov/MARC21/slim">

  <leader>02374nam a2200361Ia 4500</leader>
  <controlfield tag="005">20220317001431.0</controlfield>
  <controlfield tag="008">161108s2007    mx     g      000 0 s    </controlfield>
  <datafield tag="020" ind1=" " ind2=" ">
    <subfield code="a">9789681684532</subfield>
  </datafield>
  <datafield tag="082" ind1="0" ind2="4">
    <subfield code="a">028.5 </subfield>
    <subfield code="b">C31d</subfield>
  </datafield>
  <datafield tag="100" ind1="1" ind2=" ">
    <subfield code="a">Chambers, Aidan</subfield>
    <subfield code="d">1934-</subfield>
  </datafield>
  <datafield tag="245" ind1="1" ind2="0">
    <subfield code="a">Dime</subfield>
    <subfield code="b">los ni&#xF1;os, la lectura y la conversaci&#xF3;n</subfield>
    <subfield code="c">Aidan Chambers ; traducci&#xF3;n de Ana Tamarit Amieva</subfield>
  </datafield>
  <datafield tag="250" ind1=" " ind2=" ">
    <subfield code="a">1a. edici&#xF3;n, 3a reimpresi&#xF3;n</subfield>
  </datafield>
  <datafield tag="300" ind1=" " ind2=" ">
    <subfield code="a">171 p&#xE1;ginas</subfield>
    <subfield code="c">21 cm</subfield>
  </datafield>
  <datafield tag="490" ind1=" " ind2=" ">
    <subfield code="a">Espacios para la lectura</subfield>
  </datafield>
  <datafield tag="504" ind1=" " ind2=" ">
    <subfield code="a">Incluye bibliograf&#xED;a e &#xED;ndice</subfield>
  </datafield>
  <datafield tag="505" ind1=" " ind2=" ">
    <subfield code="a">Los inicios de "Dime" -- Tres situaciones compartidas -- Cuatro modos de habla -- {BF}Son cr&#xED;ticos los ni&#xF1;os? -- Los ni&#xF1;os como cr&#xED;ticos -- Comunicar honorablemente -- {BF}Por qu&#xE9; "Dime"? -- {BF}Que significa? -- {BF}C&#xF3;mo lo sabes? -- La lectura del texto</subfield>
  </datafield>
  <datafield tag="520" ind1=" " ind2=" ">
    <subfield code="a">Esta obra es una propuesta, que ofrece informaci&#xF3;n pr&#xE1;ctica sobre la conversaci&#xF3;n literaria en las aulas de clase, explicando algunos de los procesos involucrados en la lectura y la conversaci&#xF3;n sobre los libros, y bosquejando las reglas b&#xE1;sicas establecidas por quienes lo han puesto en marcha con &#xE9;xito. De su experiencia se ha formulado una estructura, "un repertorio de preguntas que ayuda a los lectores a hablar de sus lecturas", una herramienta a trav&#xE9;s de la cual los profesores pueden ayudar a quienes se inician en la lectura a compartirla con otros lectores y, juntos, construir, disfrutar y dar sentido a esa experiencia</subfield>
  </datafield>
  <datafield tag="534" ind1=" " ind2=" ">
    <subfield code="b">The reading environment</subfield>
  </datafield>
  <datafield tag="650" ind1="1" ind2="4">
    <subfield code="2">LEMB</subfield>
    <subfield code="a">Amenidad literaria</subfield>
  </datafield>
  <datafield tag="650" ind1="1" ind2="4">
    <subfield code="2">LEMB</subfield>
    <subfield code="a">Libros y lectura para j&#xF3;venes</subfield>
  </datafield>
  <datafield tag="650" ind1="1" ind2="4">
    <subfield code="2">LEMB</subfield>
    <subfield code="a">Promoci&#xF3;n de la lectura</subfield>
  </datafield>
  <datafield tag="650" ind1="1" ind2="4">
    <subfield code="2">LEMB</subfield>
    <subfield code="a">Libros y lectura</subfield>
  </datafield>
  <datafield tag="650" ind1="1" ind2="4">
    <subfield code="2">LEMB</subfield>
    <subfield code="a">Literatura infantil</subfield>
    <subfield code="x">Historia y cr&#xED;tica</subfield>
  </datafield>
  <datafield tag="650" ind1="1" ind2="4">
    <subfield code="2">LEMB</subfield>
    <subfield code="a">Libros y lectura para ni&#xF1;os</subfield>
  </datafield>
  <datafield tag="700" ind1="1" ind2="0">
    <subfield code="a">Tamarit Amieva, Ana</subfield>
    <subfield code="e">traductora</subfield>
    <subfield code="9">72773</subfield>
  </datafield>
  <datafield tag="740" ind1=" " ind2=" ">
    <subfield code="a">Los inicios de "Dime" \\ Tres situaciones compartidas \\ Cuatro modos de habla \\ {BF}Son cr&#xED;ticos los ni&#xF1;os? \\ Los ni&#xF1;os como cr&#xED;ticos \\ Comunicar honorablemente \\ {BF}Por qu&#xE9; "Dime"? -- \\ {BF}Que significa? \\ {BF}C&#xF3;mo lo sabes? \\ La lectura del te</subfield>
  </datafield>
  <datafield tag="942" ind1=" " ind2=" ">
    <subfield code="2">ddc</subfield>
    <subfield code="c">BK</subfield>
  </datafield>
  <datafield tag="264" ind1=" " ind2=" ">
    <subfield code="a">M&#xE9;xico</subfield>
    <subfield code="b">Fondo de Cultura Econ&#xF3;mica</subfield>
    <subfield code="c">2007</subfield>
  </datafield>
  <datafield tag="336" ind1=" " ind2=" ">
    <subfield code="a">texto</subfield>
    <subfield code="b">txt</subfield>
    <subfield code="2">rdacontent</subfield>
  </datafield>
  <datafield tag="337" ind1=" " ind2=" ">
    <subfield code="a">sin mediaci&#xF3;n</subfield>
    <subfield code="b">n</subfield>
    <subfield code="2">rdamedia</subfield>
  </datafield>
  <datafield tag="338" ind1=" " ind2=" ">
    <subfield code="a">volumen</subfield>
    <subfield code="b">nc</subfield>
    <subfield code="2">rdacarrier</subfield>
  </datafield>
  <datafield tag="040" ind1=" " ind2=" ">
    <subfield code="a">CO-BoRNBP</subfield>
    <subfield code="b">spa</subfield>
    <subfield code="e">rda</subfield>
    <subfield code="c">CO-BoRNBP</subfield>
  </datafield>
  <datafield tag="999" ind1=" " ind2=" ">
    <subfield code="c">6965</subfield>
    <subfield code="d">6965</subfield>
  </datafield>
  <datafield tag="952" ind1=" " ind2=" ">
    <subfield code="0">0</subfield>
    <subfield code="1">0</subfield>
    <subfield code="2">ddc</subfield>
    <subfield code="4">0</subfield>
    <subfield code="7">0</subfield>
    <subfield code="8">GEN</subfield>
    <subfield code="a">MELAJULI</subfield>
    <subfield code="b">MELAJULI</subfield>
    <subfield code="c">GEN</subfield>
    <subfield code="d">2025-10-09</subfield>
    <subfield code="l">0</subfield>
    <subfield code="o">028.5  C31d</subfield>
    <subfield code="p">JUL00047</subfield>
    <subfield code="r">2025-10-09 15:43:17</subfield>
    <subfield code="t">Ej.1</subfield>
    <subfield code="w">2025-10-09</subfield>
    <subfield code="y">BK</subfield>
  </datafield>
</record>
